• 首页
  • 本馆介绍
  • 公告通知
  • 最新文献
  • 馆藏检索
  • 电子资源
  • 读者导购
  • 参考咨询
  • 我的图书馆
  • 登录
  • 详细信息显示
  • 放入我的书架
  • 预约/预借图书
  • 作者相关作品
  • 分类相关作品
  • 丛书相关作品
  • 出版社相关作品

书目信息

  • 表格格式
  • 工作单格式
  • 卡片格式
题名:
运动营养金标准
    
 
作者: 卡德维尔 著 ;任青 译
分册:  
出版信息: 北京   人民体育出版社  2010
页数: 219页
开本: 26cm
丛书名:
单 册:
中图分类: G804.32
科图分类:
主题词: 体育卫生--营养学 , 体育卫生 , 营养学
电子资源:
ISBN: 978-7-5009-3760-9
000 01086nam0 2200289 45
001 1130229125
005 20110309091725.31
010    @a978-7-5009-3760-9@dCNY28.00
100    @a20110123d2010 em y0chiy50 ea
101 1  @achi@ceng
102    @aCN@b110000
105    @aa z 000yy
106    @ar
200 1  @a运动营养金标准@AYun Dong Ying Yang Jin Biao Zhun@f(澳)格伦·卡德维尔(Glenn Cardwell)著@F( Ao ) Ge Lun· Ka De Wei Er (Glenn Cardwell) Zhu@g任青等译
210    @a北京@c人民体育出版社@d2010
215    @a219页@c图,照片@d26cm
312    @a英文版权页原文:Gold medal nutrition
330    @a本书对“液体摄入”和“肌肉伸缩”进行了学术讨论,解释了如何通过合理的蛋白质、糖类、维生素和液体的摄入来建立耐力和能量,提出了安全的燃烧脂肪、建立肌肉群和减肥的好点子。
510 1  @aGold medal nutrition@zeng
606 0  @a体育卫生@x营养学
606 0  @a体育卫生
606 0  @a营养学
690    @aG804.32@v4
701  1 @a卡德维尔@AKa De Wei Er@g(Cardwell, Glenn)@4著
702  0 @a任青@ARen Qing@4译
801  0 @aCN@bTANGWEI@c20110309
905    @b0530708-11@dG804.32@e389@f4
    
    运动营养金标准/(澳)格伦·卡德维尔(Glenn Cardwell)著/任青等译.-北京:人民体育出版社,2010
    219页:图,照片;26cm
    
    
    ISBN 978-7-5009-3760-9:CNY28.00
    本书对“液体摄入”和“肌肉伸缩”进行了学术讨论,解释了如何通过合理的蛋白质、糖类、维生素和液体的摄入来建立耐力和能量,提出了安全的燃烧脂肪、建立肌肉群和减肥的好点子。
●
相关链接 在E读中查询图书 在五车中查询图书 在当当中查询图书 在豆瓣中查询图书


正题名:运动营养金标准     索取号:G804.32/389         预约/预借

序号 登录号 条形码 馆藏地/架位号 状态 备注
1 0530708   205307087   第一样本阅览室/ [索取号:G804.32/389] 在馆    
2 0530709   205307096   第四借阅区/ [索取号:G804.32/389] 在馆    
3 0530711   205307112   密集书库-体育系/ [索取号:G804.32/389] 在馆    
唐山师范学院图书馆 欢迎您!
大连网信软件有限公司© 版权所有